Statistiques concernant Arbre Généalogique Black (Harry Potter)

Cliquez ici pour prendre le quiz!

Statistiques générales

  • Ce quiz a été pris 881 fois
  • Le résultat moyen est 18 sur 31

Statistiques - réponses

Réponse% Correct
Sirius
98%
Bellatrix
91%
Narcissa
90%
Regulus
87%
Drago
84%
Lucius
81%
Andromeda
79%
Ted
76%
Nymphadora
75%
Scorpius
74%
Black
71%
Remus
70%
Teddy
69%
Tonks
69%
Malefoy
68%
Lupin
65%
Lestrange
63%
Rodolphus
62%
Orion
61%
Astoria
59%
Greengrass
53%
Walburga
51%
Arcturus
45%
Cygnus III
32%
Druella
27%
Rosier
21%
Alphard
20%
Prewett
17%
Lucretia
13%
Edward
12%
Ignatius
10%

Distribution des résultats

Percentile par nombre de réponses

% des personnes avec chaque résultat

Votre développement - résultats

Vous n’avez pas pris ce quiz